Datum a čas kvízu

36.5 Celkem bodů Celkový počet nahraných bodů na tomto kvízu bez doplňovacích otázek.
11. Pořadí na kvízu Konečné umístění týmu na tomto kvízu.

Zaznamenané odpovědi

# Otázka Odpověď Body Výsledky
1. Minulý týden byl jistý 37letý... Mikuláš Ferjenčík, Jiří Strach 1
2. Jeden turista zveřejnil video... v Číně 1
3. Ve čtvrtek měl v českých kinec... Mizerové: Na život a na smrt 0
4. Nejnovější mobilní asistenční... Gemini 1
5. Fotbalové EURO se blíží. Hrají... Island 0
6. Dostanete vždy pět indicií, k... Idiot 1
7. Irsko – Homér – Bloom – jeden... Odysseus 0
8. Irving – cider – gynekolog – T... Pravidla moštárny 0
9. 3 sirotci – nevyléčitelná nemo... Román pro muže 0
10. Karviná – kronika – sv. Petr... Šikmý kostel 0